Europe-China relations and the new significance of central and eastern European countries
Vývoj európsko-čínskych vzťahov v priebehu posledných 30 rokov. Úloha krajín strednej a východnej Európy v týchto vzťahoch. Európsko-čínske vzťahy v období studenej vojny. Politika konštruktívnej povinnosti. Strategické partnerstvo. USA faktor v európsko-čínskych vzťahoch a úloha krajín strednej a v...
Saved in:
| Main Author: | |
|---|---|
| Format: | Book Chapter |
| Language: | English |
| Subjects: | |
| Tags: |
No Tags, Be the first to tag this record!
|
MARC
| LEADER | 00000naa$a2200000$$$4500 | ||
|---|---|---|---|
| 001 | 0073000 | ||
| 005 | 20231009112038.8 | ||
| 041 | 0 | |a eng | |
| 044 | |a SK | ||
| 245 | 1 | 0 | |a Europe-China relations and the new significance of central and eastern European countries |c Nicola Casarini |
| 520 | |a Vývoj európsko-čínskych vzťahov v priebehu posledných 30 rokov. Úloha krajín strednej a východnej Európy v týchto vzťahoch. Európsko-čínske vzťahy v období studenej vojny. Politika konštruktívnej povinnosti. Strategické partnerstvo. USA faktor v európsko-čínskych vzťahoch a úloha krajín strednej a východnej Európy. | ||
| 610 | 2 | 0 | |a vzťahy medzinárodné |
| 610 | 2 | 0 | |a politika medzinárodná |
| 610 | 2 | 0 | |a partnerstvo strategické |
| 610 | 2 | 0 | |a Európa |
| 610 | 2 | 0 | |a stredná Európa |
| 610 | 2 | 0 | |a východná Európa |
| 610 | 2 | 0 | |a Čína |
| 100 | 1 | |a Casarini, Nicola | |